Music Quiz

Random Music or Clickable Quiz

Sporcle Categories in Song Lyrics Quiz Stats

Quiz Updated May 26, 2016

Also try: Sporcle is #1
Challenge
Share
Tweet
Embed
Score 0/15 Timer 05:00
0 Plays Today
% Correct
History
89.8%
Religion
89.8%
Music
86.3%
Entertainment
85.2%
Gaming
84.5%
Movies
83.7%
Language
83%
Just For Fun
82.6%
% Correct
Holiday
80.6%
Geography
78.9%
Science
72.5%
Literature
72.2%
Sports
67%
Miscellaneous
55.1%
Television
52.1%

You're not logged in!

Compare scores with friends on all Sporcle quizzes.
Join for Free
OR
Log In

You Might Also Like...

Show Comments

Extras

Top Quizzes Today


Score Distribution

Your Account Isn't Verified!

In order to create a playlist on Sporcle, you need to verify the email address you used during registration. Go to your Sporcle Settings to finish the process.

Report this User

Report this user for behavior that violates our Community Guidelines.

Details: